Training manual on emergency obstetric care as expanded life saving skill for doctors (Record no. 36636)

MARC details
000 -LEADER
fixed length control field 00545nam a2200181Ia 4500
020 ## - INTERNATIONAL STANDARD BOOK NUMBER
ISBN 9780656472
050 ## - CALL MARK
Classification number RG 103.4 .N38/
100 ## - STATEMENT OF RESPONSIBILITY--MAIN AUTHOR NAME
Personal name National Primary Health Care Development Agency
245 #0 - TITLE STATEMENT
Title Training manual on emergency obstetric care as expanded life saving skill for doctors
260 ## - PUBLICATION, DISTRIBUTION, ETC. (IMPRINT)
Place of publication Nigeria
260 ## - PUBLICATION, DISTRIBUTION, ETC. (IMPRINT)
Name of publisher Federal Ministry of Health
260 ## - PUBLICATION, DISTRIBUTION, ETC. (IMPRINT)
Year of publication 2003
300 ## - PHYSICAL DESCRIPTION
Number of Pages 190 p
650 ## - SUBJECT ADDED ENTRY--TOPICAL TERM
Topical Term Obstetrics Emergency medical services
942 ## - ADDED ENTRY ELEMENTS (KOHA)
Koha item type Books
Holdings
Withdrawn status Lost status Source of classification or shelving scheme Damaged status Not for loan Permanent Location Current Location Date acquired Accession Number Price effective from Koha item type
    Library of Congress Classification     NILE UNIVERSITY OF NIGERIA - MAIN LIBRARY NILE UNIVERSITY OF NIGERIA - MAIN LIBRARY 04/23/2025 0194583 04/23/2025 Books